000 00372nam a22001337a 4500
040 _cNUST
082 _a200 THE
100 _aSuleman Khan
_9100783
110 _aSupervisor Dr. Wasi Haider Butt
245 _aTH-SOF-2094-Automatically Categorizing Software Technologies
260 _aISLAMABAD:
_bNUST COLLEGE OF EME,
_c2022.
650 _aMS-CSE-18
942 _2ddc
_cTHE
999 _c591933
_d591933